| 000 | 00528nam a22001937a 4500 | ||
|---|---|---|---|
| 003 | OSt | ||
| 005 | 20260305003345.0 | ||
| 008 | 260129b |||||||| |||| 00| 0 eng d | ||
| 020 | _a978-0-600-61739-6 | ||
| 040 |
_aDWCL-Main Lib _cOC |
||
| 082 | _aGR. 030 As819t 2009 | ||
| 100 | _aAsh,Russell | ||
| 245 | _aTop 10 of everything 2009 | ||
| 260 |
_aWood Street, Bath : _b Hamlyn, _c c2009 |
||
| 300 |
_a256 p. : col. _b ill. : _c31 cm. |
||
| 650 | _aCuriosities and wonders | ||
| 650 | _aWorld records | ||
| 942 |
_2ddc _cGR _mGR. _n0 |
||
| 999 |
_c7982 _d7982 |
||